• 首页
  • 本馆介绍
  • 公告通知
  • 最新文献
  • 馆藏检索
  • 电子资源
  • 读者导购
  • 参考咨询
  • 我的图书馆
  • 登录
  • 详细信息显示
  • 放入我的书架
  • 预约/预借图书
  • 作者相关作品
  • 分类相关作品
  • 丛书相关作品
  • 出版社相关作品

书目信息

  • 表格格式
  • 工作单格式
  • 卡片格式
题名:
人工电话原理和维护
    
 
作者: ;湖南省邮电学校 编
分册: 上册  
出版信息: 北京   人民邮电出版社  1979
页数: 256页
开本: 19cm
丛书名:
单 册:
中图分类: TN916.31
科图分类:
主题词: 人工电话机--维修 , 人工电话交换机--维修
电子资源:
ISBN:
000 00702nam0 2200229 45
001 0179006187
005 20060925092613.50
010    @dCNY0.67
091    @a15045.总2278-市328
100    @a19950728d1979 em y0chiy0121 ea
101 0  @achi
102    @aCN@b110000
105    @ay z 000yy
200 10 @a人工电话原理和维护@Aren gong dian hua yuan li he wei hu@h上册@f湖南省邮电学校《人工电话原理和维护》编写组编
210    @a北京@c人民邮电出版社@d1979
215    @a256页@d19cm
606    @a人工电话机@x维修
606    @a人工电话交换机@x维修
690    @aTN916.31@v3 
711 02 @a湖南省邮电学校@Ahu nan sheng you dian xue xiao@4编
801  0 @aCN@bNLC@c20060925
905    @f1@b124443@dTN916@e8:1
    
    人工电话原理和维护.上册/湖南省邮电学校《人工电话原理和维护》编写组编.-北京:人民邮电出版社,1979
    256页;19cm
    
    
    ISBN :CNY0.67
    
●
相关链接 在E读中查询图书 在五车中查询图书 在当当中查询图书 在豆瓣中查询图书


正题名:人工电话原理和维护     索取号:TN916/8:1         预约/预借

序号 登录号 条形码 馆藏地/架位号 状态 备注
1 0422411   204224115   密集书库/ [索取号:TN916/8:1] 在馆    
2 0451563   204515630   密集书库/ [索取号:TN916/8:1] 在馆    
唐山师范学院图书馆 欢迎您!
大连网信软件有限公司© 版权所有